[Event "BAN-chT2 Borsho 2nd"]
[Site "Bangladesh"]
[Date "2021.01.25"]
[Round "6.1"]
[White "Md, Kamal Ahmed"]
[Black "Tahmidul, Haque"]
[Result "0-1"]
[WhiteElo "1956"]
[BlackElo "1604"]
[PlyCount "51"]
[EventDate "2021.01.20"]
[EventType "team-tourn"]
[EventRounds "9"]
[EventCountry "BAN"]
[SourceTitle "CBM 200 Extra"]
[Source "ChessBase"]
[SourceDate "2021.03.31"]
[SourceVersion "1"]
[SourceVersionDate "2021.03.31"]
[SourceQuality "1"]
[WhiteTeam "Latif Travels CC"]
[BlackTeam "Elegant Int CA Cha"]
[WhiteTeamCountry "BAN"]
[BlackTeamCountry "BAN"]

1. e4 e5 2. d4 exd4 3. Nf3 Nc6 4. Bc4 Nf6 5. 0-0 Nxe4 6. c3 d5 7. Bb3 Bg4 8. Qd3 Nc5 9. Qd1 Nxb3 10. axb3 Qf6 11. Qe1+ Be7 12. Nxd4 Nxd4 13. cxd4 0-0 14. Qc3 Bd6 15. h3 Bf5 16. Nd2 Rfe8 17. f4 c5 18. Nf3 cxd4 19. Qd2 Rac8 20. Kh1 d3 21. Re1 Be4 22. Qf2 Bxf3 23. Rxe8+ Rxe8 24. Qxf3 Re1+ 25. Kh2 Rxc1 26. h4 0-1

[Event "BAN-chB 44th"]
[Site "Dhaka"]
[Date "2018.11.18"]
[Round "7"]
[White "Md, Kamal Ahmed"]
[Black "Md, Sariatullah"]
[Result "0-1"]
[WhiteElo "1946"]
[BlackElo "2027"]
[PlyCount "84"]
[EventDate "2018.11.13"]
[EventType "swiss"]
[EventRounds "9"]
[EventCountry "BAN"]
[SourceTitle "CBM 187 Extra"]
[Source "ChessBase"]
[SourceDate "2018.11.04"]
[SourceVersion "1"]
[SourceVersionDate "2018.11.04"]
[SourceQuality "1"]

1. e4 b6 2. d4 Bb7 3. Bd3 e6 4. Nc3 Bb4 5. Bd2 f5 6. Qe2 Nf6 7. f3 Bxc3 8. Bxc3 fxe4 9. fxe4 Nxe4 10. Qh5+ g6 11. Qh3 0-0 12. Nf3 Ng5 13. Nxg5 Qxg5 14. Rg1 Nc6 15. Bd2 Qf6 16. 0-0-0 Nxd4 17. Rgf1 Qe7 18. Bh6 Rxf1 19. Rxf1 Nf5 20. Bxf5 exf5 21. Qc3 c5 22. g4 Be4 23. gxf5 Bxf5 24. h4 d5 25. Re1 Qf7 26. Re5 Rd8 27. h5 d4 28. Qe1 gxh5 29. Re7 Qf6 30. Qg3+ Bg6 31. Bg5 Qf5 32. Qg2 d3 33. Bd2 h4 34. Qb7 Qf1+ 35. Re1 Qf7 36. Re7 Qf6 37. c3 Re8 38. Rxe8+ Bxe8 39. Qg2+ Qg6 40. Bf4 h6 41. Qd5+ Bf7 42. Be3 Bxd5 0-1

[Event "BAN-chB 44th"]
[Site "Dhaka"]
[Date "2018.11.14"]
[Round "2"]
[White "Md, Kamal Ahmed"]
[Black "Ahmed, Shafiq"]
[Result "1-0"]
[WhiteElo "1946"]
[BlackElo "2152"]
[PlyCount "67"]
[EventDate "2018.11.13"]
[EventType "swiss"]
[EventRounds "9"]
[EventCountry "BAN"]
[SourceTitle "CBM 187 Extra"]
[Source "ChessBase"]
[SourceDate "2018.11.04"]
[SourceVersion "1"]
[SourceVersionDate "2018.11.04"]
[SourceQuality "1"]

1. e4 c5 2. Nf3 Nc6 3. d4 cxd4 4. Nxd4 Nf6 5. Nc3 e5 6. Nb3 Bb4 7. Bc4 0-0 8. f3 Na5 9. Nxa5 Qxa5 10. Bd2 Qc7 11. Qe2 a6 12. 0-0-0 b5 13. Bb3 Bb7 14. g4 Rac8 15. Kb1 Be7 16. h4 b4 17. Na4 d5 18. g5 Nh5 19. Rhg1 Rfd8 20. f4 Nxf4 21. Bxf4 exf4 22. exd5 Bd6 23. h5 Re8 24. Qf2 Re3 25. g6 fxg6 26. h6 Kh8 27. Rh1 gxh6 28. Rxh6 Rg3 29. Rdh1 Rg5 30. Qd4+ Kg8 31. c4 Rg3 32. c5 Rxb3 33. axb3 Bxc5 34. Qe4 1-0